| 000 | 00000nam##2200000za#4500 |
| 001 | 9.647621 |
| 003 | CaOODSP |
| 005 | 20210615112706 |
| 007 | ta |
| 008 | 150407|2000||||xxc||||| f|0| 0 eng|d |
| 020 | |a0-662-28541-7 |
| 040 | |aCaOODSP|beng |
| 043 | |an-cn--- |
| 086 | 1 |aD82-49/2000E |
| 110 | 1 |aCanada.|bEmergency Preparedness Canada. |
| 245 | 10|aEmergency roles and responsibilities of NGOs in Canada / |cby John Newton. |
| 260 | |aOttawa - Ontario : |bEmergency Preparedness Canada |c2000. |
| 300 | |a1 vol. (unpaged). ; |c28 cm. |
| 500 | |a"The primary objective of this project was to identify NGOs of a national or multi-provincial geographic scale involved in emergencies in Canada, collect relevant information about each NGO, and prepare individuals listings of this information."--Preface. Within the Canadian Framework for the International Decade for Natural Disaster Reduction. |
| 520 | 3 |aThe primary objective of this project was to identify NGOs of a national or multi-provincial geographic scale involved in emergencies in Canada, collect relevant information about each NGO, and prepare individuals listings of this information.--Preface |
| 563 | |aProcessed |
| 590 | |a00-45|b2000-11-10 |
| 690 | 07|aNongovernmental organizations|2gcpds |
| 690 | 07|aDisaster relief|2gcpds |
| 775 | 08|tRôles et responsabilités des ONG en matière de secours d'urgence au Canada / |w(CaOODSP)9.681026 |
| 776 | 0#|tEmergency roles and responsibilities of NGOs in Canada / |w(CaOODSP)9.695661 |